Littérature: complétez le titre #2 - Statistiques

Statistiques générales
  • Ce quiz a été pris 7 371 fois
  • Le résultat moyen est 11 sur 20
Statistiques - réponses
Auteur Titre % Correct
J.R.R. Tolkien Le Seigneur {des} {anneaux}
98%
Alexandre Dumas Les Trois {Mousquetaires}
97%
Gustave Flaubert Madame {Bovary}
93%
Molière Les {Fourberies} de Scapin
92%
Agatha Christie Le Crime de l'{Orient}-{Express}
83%
Honoré de Balzac Le Père {Goriot}
76%
Dante Alighieri La Divine {Comédie}
67%
Boris Vian L'{Écume} des jours
66%
Hans Christian Andersen La Petite Fille aux {allumettes}
58%
Margaret Mitchell {Autant} {en} {emporte} le vent
51%
Jean-Paul Sartre L'Être et le {Néant}
50%
Mary Shelley {Frankenstein} ou le Prométhée moderne
46%
Fiodor Dostoïevski Les Frères {Karamazov}
38%
George Sand La Mare {au} {diable}
35%
J.D. Salinger L'Attrape-{cœurs}
34%
Miguel de Cervantes L'Ingénieux Hidalgo {Don} {Quichotte} de la Manche
34%
Théophile Gautier Le Capitaine {Fracasse}
31%
Pierre Corneille L'{Illusion} comique
30%
Wu Cheng En La Pérégrination vers l'{Ouest}
27%
H.P. Lovecraft L'{Appel} de Cthulhu
16%
Aucun quiz correspondant
Distribution des résultats
% des personnes avec chaque résultat
Percentile par nombre de réponses
Votre historique - résultats
Vous n’avez pas pris ce quiz